Nirvana - In Utero Songs - Statistics

General Stats
  • This quiz has been taken 95 times
  • The average score is 9 of 13
Answer Stats
Spotify Listens Song % Correct
782,274,184 Heart-Shaped Box
95%
314,246,439 Dumb
84%
291,324,068 Rape Me
84%
260,570,753 All Apologies
75%
68,683,085 Serve The Servants
74%
55,441,903 Frances Farmer Will Have Her Revenge On Seattle
69%
31,933,697 Milk It
62%
40,148,838 Scentless Apprentice
62%
54,308,687 Very Ape
62%
65,567,520 Pennyroyal Tea
59%
32,931,024 Tourette's
59%
24,640,506 Radio Friendly Unit Shifter
51%
6,271,455 Gallons Of Rubbing Alcohol Flow Through The Strip
21%
No matching quizzes found
Score Distribution
Percent of People with Each Score
Percentile by Number Answered
Your Score History
You have not taken this quiz